Statistics for British Prime Ministers Turned into Cartoon Characters

Click here to take the quiz!

General Stats

  • This quiz has been taken 278 times
  • The average score is 9 of 16

Answer Stats

Answer% Correct
Boris Johnson
97%
Margaret Thatcher
96%
Winston Churchill
95%
Rishi Sunak
85%
David Cameron
72%
Theresa May
71%
Liz Truss
69%
Tony Blair
59%
John Major
54%
Gordon Brown
46%
Neville Chamberlain
44%
Benjamin Disraeli
31%
Clement Attlee
31%
David Lloyd George
28%
Harold Wilson
28%
Edward Heath
25%

Score Distribution

Percentile by Number Answered

Percent of People with Each Score

Your Score History

You have not taken this quiz